[Event "GER-chT U20"]
[Site "Kelheim"]
[Date "2007.12.27"]
[Round "1.4"]
[White "Bracker, Arne"]
[Black "Kunth, Tobias"]
[Result "1-0"]
[WhiteElo "2105"]
[BlackElo "1789"]
[PlyCount "37"]
[EventDate "2007.12.27"]
[EventType "team-swiss"]
[EventRounds "7"]
[EventCountry "GER"]
[SourceTitle "EXT 2022"]
[Source "ChessBase"]
[SourceDate "2021.10.06"]
[SourceVersion "1"]
[SourceVersionDate "2021.10.06"]
[SourceQuality "1"]
[WhiteTeam "Hamburger SK U20"]
[BlackTeam "Hettstedt U20"]
[WhiteTeamCountry "GER"]
[BlackTeamCountry "GER"]

1. e4 c6 2. d4 d5 3. Nc3 dxe4 4. Nxe4 Nf6 5. Nxf6+ gxf6 6. c3 Bf5 7. Ne2 e6 8. Ng3 Bg6 9. h4 h6 10. Bc4 Nd7 11. Qf3 Qb6 12. h5 Bh7 13. 0-0 0-0-0 14. b4 Bxb4 15. cxb4 Qxd4 16. Qb3 Ne5 17. Be2 Bc2 18. Qxc2 Qxa1 19. Be3 1-0

[Event "Saale-Herbst op 3rd"]
[Site "Halle/Saale"]
[Date "2006.10.26"]
[Round "3"]
[White "Hentzgen, Thomas"]
[Black "Kunth, Tobias"]
[Result "1-0"]
[WhiteElo "1968"]
[BlackElo "1693"]
[PlyCount "71"]
[EventDate "2006.10.25"]
[EventType "swiss"]
[EventRounds "7"]
[EventCountry "GER"]
[SourceTitle "EXT 2019"]
[Source "ChessBase"]
[SourceDate "2018.10.10"]
[SourceVersion "1"]
[SourceVersionDate "2018.10.10"]
[SourceQuality "1"]

1. c4 Nf6 2. Nc3 e6 3. d4 d5 4. Nf3 a6 5. cxd5 Nxd5 6. e4 Nxc3 7. bxc3 c5 8. a4 g6 9. Bc4 Qc7 10. Qb3 Nc6 11. Qa2 Bg7 12. Be3 Na5 13. Be2 0-0 14. 0-0 Rd8 15. Rac1 Bd7 16. Bg5 f6 17. Bh4 c4 18. Nd2 b5 19. f4 Rf8 20. axb5 axb5 21. Qb1 Bh6 22. Bg3 e5 23. fxe5 Bxd2 24. exf6 Qb6 25. Be5 Nc6 26. Bxc4+ Rf7 27. Bxf7+ Kxf7 28. Kh1 Bxc1 29. Qxc1 Nxe5 30. Qh6 Qxf6 31. Rxf6+ Kxf6 32. Qf4+ Kg7 33. Qxe5+ Kh6 34. h4 Re8 35. Qf4+ Kg7 36. d5 1-0